Taylor Swift or Shakespeare? #4 - Statistics

General Stats
  • This quiz has been taken 81 times
  • The average score is 11 of 13
Answer Stats
Question Answer % Correct
"It's not in the stars to hold our destiny but ourselves" Shakespeare
97%
"He looks up, grinning like a devil" Taylor Swift
92%
"Hell is empty and all the devils are here" Shakespeare
90%
"Such stuff as dreams are made'' Shakespeare
87%
''He that wants money, means, and content'' Shakespeare
85%
''My thoughts remain below'' Shakespeare
85%
"We both did the best we could do underneath the same moon in different galaxies" Taylor Swift
82%
''Enjoy what you stole'' Shakespeare
79%
"Nostalgia is a mind's trick" Taylor Swift
79%
"What must it be like to grow up that beautiful?" Taylor Swift
79%
"Splendidly selfish, charmingly helpless" Taylor Swift
79%
"Weave your little webs of opacity" Taylor Swift
77%
"The old widow goes to the stone every day" Taylor Swift
67%
No matching quizzes found
Score Distribution
Percent of People with Each Score
Percentile by Number Answered
Your Score History
You have not taken this quiz